| 000 | 00734nam a22002297a 4500 | ||
|---|---|---|---|
| 005 | 20220326193347.0 | ||
| 008 | 160528b ck||||| |||| 00| 0 spa d | ||
| 020 | _a9789585805231 | ||
| 041 | _aspa | ||
| 082 | 0 | 4 |
_a700.103 _bS559m |
| 100 | 1 |
_aSholette, Gregory. _95043 |
|
| 245 | 1 | 0 |
_aMateria oscura : _barte activista y la esfera pública de oposición / _cGregory Sholette ; traducido por Sonia Muñoz. |
| 250 | _a1a ed. | ||
| 260 |
_aCali, Colombia : _bFundación Editorial Archivos del Índice ; Taurus, _c2015. |
||
| 300 |
_a64 p. _c22 cm. |
||
| 653 | 1 | 0 | _aArte activista |
| 653 | 1 | 0 | _aEnsayos |
| 653 | 1 | 0 | _aFilosofía del arte |
| 653 | 1 | 0 | _aArte contemporáneo |
| 653 | 1 | 0 | _aCultura visual |
| 700 | 1 |
_aMuñoz, Sonia. _etr. _95044 |
|
| 999 |
_c920 _d920 |
||